00709 a2200217 4500260001100000100001800011440000700029260000800036245017500044300001200219260000900231300000900240130000700249440003600256651001200292690003300304440001400337020001800351999001700369952010500386 aBerlin aBREMER, Frank n94 bFIA aLes possibilités de promotion des petites exploitations agricoles dans la province Atlantique (R.P. Bénin) : Etude préparée pour le projet CARDER Atlantique (GTZ) aX-185p. c1986 bill. lFr aSchriftenreihe des Fachbereichs aBénin apetite exploitation agricole x0177-6673 a3-924333-60-2 c25021d25021 00104070aBIDOCbBIDOCd0000-00-00l0o62.ESR.10r2009-02-28 00:00:00t1w2009-02-28yLIVRzA.6293